[Event "International Championship of Central Serbia 2015 - OPEN A"]
[Site "Paracin"]
[Date "2015.07.10"]
[Round "9.50"]
[White "Verendel, Jan"]
[Black "Konstantinov, Aleksandar"]
[Result "0-1"]
[WhiteElo "1964"]
[BlackElo "2046"]
[PlyCount "36"]
[EventDate "2015.07.03"]

1. d4 Nf6 2. c4 e6 3. Nc3 Bb4 4. e3 Bxc3+ 5. bxc3 c5 6. Bd3 Nc6 7. f4 d6 8. Nf3
O-O 9. e4 d5 10. cxd5 exd5 11. e5 Ne4 12. O-O Bg4 13. Ba3 Qa5 14. Qc1 Rfc8 15.
c4 Nxd4 16. Kh1 Bxf3 17. Rxf3 Nxf3 18. gxf3 Nf2+ 0-1

[Event "International Championship of Central Serbia 2015 - OPEN A"]
[Site "Paracin"]
[Date "2015.07.10"]
[Round "9.51"]
[White "Martynov, Petr"]
[Black "Lekic, Lazar"]
[Result "0-1"]
[WhiteElo "1932"]
[BlackElo "2235"]
[PlyCount "58"]
[EventDate "2015.07.03"]

1. e4 c5 2. Nf3 e6 3. d4 cxd4 4. Nxd4 a6 5. Nc3 Qc7 6. Be2 b5 7. a3 Bb7 8. O-O
Nf6 9. Bf3 d6 10. Qe2 Nbd7 11. g3 Be7 12. Bg2 O-O 13. Nf3 Rac8 14. Re1 Ne5 15.
Nxe5 dxe5 16. Bd2 Rfd8 17. Rad1 b4 18. axb4 Bxb4 19. Bg5 Bxc3 20. bxc3 Qxc3 21.
Rxd8+ Rxd8 22. Rd1 Rd4 23. Rb1 Qc7 24. c3 Rd7 25. Qe3 Ne8 26. Qa7 Nd6 27. f4 h6
28. fxe5 Nb5 29. Rxb5 axb5 0-1

[Event "International Championship of Central Serbia 2015 - OPEN A"]
[Site "Paracin"]
[Date "2015.07.10"]
[Round "9.52"]
[White "Djokic, Slavoljub"]
[Black "Perovic, Zivojin"]
[Result "1-0"]
[WhiteElo "2141"]
[BlackElo "2042"]
[PlyCount "129"]
[EventDate "2015.07.03"]

1. c4 Nf6 2. Nc3 g6 3. Nf3 Bg7 4. g3 d6 5. Bg2 O-O 6. O-O e5 7. d4 Nbd7 8. Bg5
h6 9. Bxf6 Qxf6 10. e3 c6 11. Rc1 Qe7 12. b4 e4 13. Nd2 f5 14. b5 Nf6 15. bxc6
bxc6 16. Qa4 Qc7 17. Rb1 Bd7 18. Rb3 Rab8 19. Rfb1 g5 20. Qa6 Rxb3 21. axb3 Rf7
22. b4 d5 23. b5 f4 24. bxc6 Bxc6 25. cxd5 fxe3 26. fxe3 Bb7 27. Qa3 Nxd5 28.
Nxd5 Bxd5 29. Rc1 Qb7 30. Qc3 Kh7 31. Qc2 Re7 32. Rf1 Qc6 33. Qb2 Rb7 34. Qc1
Qe6 35. Qc2 Re7 36. Rb1 Qg4 37. Qd1 Qc8 38. Rc1 Qa6 39. Qf1 Qe6 40. Rc5 Bb7 41.
Bh3 g4 42. Bg2 Bf6 43. Nc4 Kg7 44. Ne5 Bxe5 45. Rxe5 Qd6 46. Rxe7+ Qxe7 47. Qf5
Qb4 48. Qxg4+ Kh8 49. Qf4 Qb1+ 50. Bf1 Kg7 51. Qc7+ Kg6 52. Qd6+ Kg7 53. Qe7+
Kg6 54. Qe6+ Kg7 55. Kf2 Qb2+ 56. Be2 a6 57. h4 Qb4 58. g4 Qf8+ 59. Kg3 Qb4 60.
Qe5+ Kg8 61. Qb8+ Kg7 62. Qc7+ Kh8 63. Kf4 Qf8+ 64. Ke5 Bc8 65. Kxe4 1-0

[Event "International Championship of Central Serbia 2015 - OPEN A"]
[Site "Paracin"]
[Date "2015.07.10"]
[Round "9.53"]
[White "Markovic, Miroslav R"]
[Black "Ludvigsen, Frode"]
[Result "1/2-1/2"]
[WhiteElo "2114"]
[BlackElo "2085"]
[PlyCount "42"]
[EventDate "2015.07.03"]

1. d4 e6 2. c4 d5 3. Nc3 c5 4. e3 Nf6 5. Nf3 Nc6 6. dxc5 Bxc5 7. cxd5 exd5 8.
Be2 O-O 9. O-O Be6 10. a3 a5 11. b3 d4 12. Na4 Ba7 13. exd4 Nxd4 14. Nxd4 Qxd4
15. Bb2 Qxd1 16. Bxd1 Ne4 17. b4 axb4 18. axb4 Rfd8 19. Nc3 Bxf2+ 20. Rxf2 Rxa1
21. Bxa1 Nxc3 1/2-1/2

[Event "International Championship of Central Serbia 2015 - OPEN A"]
[Site "Paracin"]
[Date "2015.07.10"]
[Round "9.54"]
[White "Djordjevic, Gradimir"]
[Black "Kovacevic, Bozidar"]
[Result "0-1"]
[WhiteElo "2111"]
[BlackElo "2000"]
[PlyCount "88"]
[EventDate "2015.07.03"]

1. d4 Nf6 2. c4 g6 3. Nc3 d5 4. Bf4 Bg7 5. e3 c5 6. Nf3 cxd4 7. exd4 a6 8. c5
Ne4 9. Bd3 Nxc3 10. bxc3 Qa5 11. Qb3 Nc6 12. O-O O-O 13. h3 e5 14. Nxe5 Nxe5
15. dxe5 Qxc5 16. Be3 Qc6 17. Bd4 f6 18. exf6 Bxf6 19. Rfe1 Be6 20. a4 Rae8 21.
Rab1 Bxd4 22. cxd4 Rf7 23. Re3 Qd6 24. Qb6 Qxb6 25. Rxb6 Rfe7 26. Bb1 Bf7 27.
Reb3 Re1+ 28. Kh2 R1e2 29. Kg3 Rd2 30. Bd3 Re7 31. R6b4 Kg7 32. a5 Ra2 33. Rxb7
Rxb7 34. Rxb7 Ra3 35. Rb6 Rxd3+ 36. f3 Rxd4 37. Rxa6 Ra4 38. Ra7 Kf6 39. f4 h5
40. Kf3 Ra3+ 41. Ke2 Be6 42. Ra8 d4 43. Kf2 Ra2+ 44. Kg3 Rxg2+ 0-1